Data mining with Microsoft SQL server 2008 -(E-BOOK) (Record no. 192965)
[ view plain ]
| 000 -LEADER | |
|---|---|
| fixed length control field | 01792 a2200229 4500 |
| 003 - CONTROL NUMBER IDENTIFIER | |
| control field | Nust |
| 005 - DATE AND TIME OF LATEST TRANSACTION | |
| control field | 20170207154048.0 |
| 010 ## - LIBRARY OF CONGRESS CONTROL NUMBER | |
| LC control number | 2008035467 |
| 020 ## - INTERNATIONAL STANDARD BOOK NUMBER | |
| International Standard Book Number | 9780470277744 (paper/website) |
| 040 ## - CATALOGING SOURCE | |
| Transcribing agency | Nust |
| 082 00 - DEWEY DECIMAL CLASSIFICATION NUMBER | |
| Classification number | 005.7585 |
| 100 1# - MAIN ENTRY--PERSONAL NAME | |
| Personal name | MacLennan, Jamie. |
| 245 10 - TITLE STATEMENT | |
| Title | Data mining with Microsoft SQL server 2008 -(E-BOOK) |
| Statement of responsibility, etc. | Jamie MacLennan, ZhaoHui Tang, Bogdan Crivat. |
| 260 ## - PUBLICATION, DISTRIBUTION, ETC. | |
| Place of publication, distribution, etc. | Indianapolis, IN : |
| Name of publisher, distributor, etc. | Wiley Pub., |
| Date of publication, distribution, etc. | 2009. |
| 300 ## - PHYSICAL DESCRIPTION | |
| Extent | 636 p. ; |
| Dimensions | 24 cm. |
| 505 ## - FORMATTED CONTENTS NOTE | |
| Formatted contents note | Introduction (Page-xxxi),Chapter 1 Introduction to Data Mining in SQL Server 2008 (Page-1),Chapter 2 Applied Data Mining Using Microsoft Excel 2007 (Page-15),Chapter 3 Data Mining Concepts and DMX (Page-83),Chapter 4 Using SQL Server Data Mining (Page-127), Chapter 5 Implementing a Data Mining Process Using Office 2007 (Page-187),Chapter 6 Microsoft Na¨ıve Bayes (Page-215),Chapter 7 Microsoft Decision Trees Algorithm (Page-235),Chapter 8 Microsoft Time Series Algorithm (Page-263),Chapter 9 Microsoft Clustering (Page-291),Chapter 10 Microsoft Sequence Clustering (Page-319),Chapter 11 Microsoft Association Rules (Page-343),Chapter 12 Microsoft Neural Network and Logistic Regression (Page-371),Chapter 13 Mining OLAP Cubes (Page-399),Chapter 14 Data Mining with SQL Server Integration Services (Page-439),Chapter 15 SQL Server Data Mining Architecture (Page-475),Chapter 16 Programming SQL Server Data Mining (Page-497),Chapter 17 Extending SQL Server Data Mining (Page-541),Chapter 18 Implementing a Web Cross-Selling Application0 (Page-563),Chapter 19 Conclusion and Additional Resources (Page-581). |
| 650 #0 - SUBJECT ADDED ENTRY--TOPICAL TERM | |
| Topical term or geographic name entry element | Data mining. |
| 651 ## - SUBJECT ADDED ENTRY--GEOGRAPHIC NAME | |
| Geographic name | E-BOOK |
| 700 1# - ADDED ENTRY--PERSONAL NAME | |
| Personal name | Crivat, Bogdan. |
| 700 1# - ADDED ENTRY--PERSONAL NAME | |
| Personal name | Tang, Zhaohui. |
| 856 41 - ELECTRONIC LOCATION AND ACCESS | |
| Materials specified | Table of contents only |
| Uniform Resource Identifier | <a href="http://www.loc.gov/catdir/toc/ecip0825/2008035467.html">http://www.loc.gov/catdir/toc/ecip0825/2008035467.html</a> |
| 942 ## - ADDED ENTRY ELEMENTS (KOHA) | |
| Source of classification or shelving scheme | |
| Koha item type | Book |
| Withdrawn status | Lost status | Source of classification or shelving scheme | Damaged status | Not for loan | Collection code | Permanent Location | Current Location | Date acquired | Total Checkouts | Full call number | Barcode | Date last seen | Price effective from | Koha item type |
|---|---|---|---|---|---|---|---|---|---|---|---|---|---|---|
| Military College of Signals (MCS) | Military College of Signals (MCS) | 12/12/2016 | 005.7585 MAC | MCSEB-2345 | 12/08/2016 | 12/12/2016 | Book |
